000 00396nam a22001457a 4500
082 _a624.171
_bGUP
100 _aGupta, S P
_942368
245 _aStructural Analysis
_bA matrix approach
250 _a2nd edition
260 _aNew Delhi,
_bMcGraw Hill,
_c2008.
300 _a593p.
526 _a0
_b0
_c0
_d624_171000000000000_GUP
526 _a0
_b1
_c0
_d624_171000000000000_GUP
942 _2ddc
_cBK
999 _c554046
_d554046